Vista normal
Vista MARC
Entrada Nombre corporativo
Número de registros utilizados en: 67
001 - NÚMERO DE CONTROL
- Campo de control: 2998
003 - IDENTIFICADOR DE NÚMERO DE CONTROL
- Campo de control: ES-MaCES
005 - FECHA Y HORA DE LA ULTIMA MODIFICACION
- Campo de control: 20101119103600.0
008 - ELEMENTOS DE DATOS DE LONGITUD FIJA
- Campo de longitud fija: 101119 | azznnaabn |n ana d
035 ## - NÚMERO DE CONTROL DEL SISTEMA
- Número de control del sistema: CES20100001214e
040 ## - FUENTE DE LA CATALOGACIÓN
- Agencia original de catalogación: ES-MaCES
- Idioma de catalogación: spa
- Agencia de transcripción: ES-MaCES
110 1# - ENCABEZAMIENTO--NOMBRE CORPORATIVO
- Nombre corporativo o de jurisdicción como elemento de entrada: España
- Título de una obra: Ley de medidas urgentes para la reforma del mercado de trabajo
- Lugar de reunión o firma del tratado: 2010
670 ## - FUENTE DE DATOS ENCONTRADOS
- Fuente de citación: BOE 28/09/2010
- Información encontrada: Ley 35/2010, de 17 de septiembre
901 ## - CES. DATOS SIRTEX
- ID Sirtex (N5N8): 0001800007409
- 005BIS Sirtex: 201011191034ALORITE

